<?xml version="1.0" encoding="UTF-8"?><?xml-stylesheet type="text/xsl" href="static/style.xsl"?><OAI-PMH xmlns="http://www.openarchives.org/OAI/2.0/" xmlns:xsi="http://www.w3.org/2001/XMLSchema-instance" xsi:schemaLocation="http://www.openarchives.org/OAI/2.0/ http://www.openarchives.org/OAI/2.0/OAI-PMH.xsd"><responseDate>2026-04-27T12:32:11Z</responseDate><request verb="GetRecord" identifier="oai:uvadoc.uva.es:10324/57657" metadataPrefix="marc">https://uvadoc.uva.es/oai/request</request><GetRecord><record><header><identifier>oai:uvadoc.uva.es:10324/57657</identifier><datestamp>2025-02-13T09:17:28Z</datestamp><setSpec>com_10324_1191</setSpec><setSpec>com_10324_931</setSpec><setSpec>com_10324_894</setSpec><setSpec>col_10324_1379</setSpec></header><metadata><record xmlns="http://www.loc.gov/MARC21/slim" xmlns:doc="http://www.lyncode.com/xoai" xmlns:xsi="http://www.w3.org/2001/XMLSchema-instance" xmlns:dcterms="http://purl.org/dc/terms/" xsi:schemaLocation="http://www.loc.gov/MARC21/slim http://www.loc.gov/standards/marcxml/schema/MARC21slim.xsd">
<leader>00925njm 22002777a 4500</leader>
<datafield tag="042" ind1=" " ind2=" ">
<subfield code="a">dc</subfield>
</datafield>
<datafield tag="720" ind1=" " ind2=" ">
<subfield code="a">Fernández, Jorge</subfield>
<subfield code="e">author</subfield>
</datafield>
<datafield tag="720" ind1=" " ind2=" ">
<subfield code="a">Calavia, Lorena</subfield>
<subfield code="e">author</subfield>
</datafield>
<datafield tag="720" ind1=" " ind2=" ">
<subfield code="a">Baladrón García, Carlos</subfield>
<subfield code="e">author</subfield>
</datafield>
<datafield tag="720" ind1=" " ind2=" ">
<subfield code="a">Aguiar Pérez, Javier Manuel</subfield>
<subfield code="e">author</subfield>
</datafield>
<datafield tag="720" ind1=" " ind2=" ">
<subfield code="a">Carro Martínez, Belén</subfield>
<subfield code="e">author</subfield>
</datafield>
<datafield tag="720" ind1=" " ind2=" ">
<subfield code="a">Sánchez Esguevillas, Antonio Javier</subfield>
<subfield code="e">author</subfield>
</datafield>
<datafield tag="720" ind1=" " ind2=" ">
<subfield code="a">Alonso López, Jesús</subfield>
<subfield code="e">author</subfield>
</datafield>
<datafield tag="720" ind1=" " ind2=" ">
<subfield code="a">Smilansky, Zeev</subfield>
<subfield code="e">author</subfield>
</datafield>
<datafield tag="260" ind1=" " ind2=" ">
<subfield code="c">2013</subfield>
</datafield>
<datafield tag="520" ind1=" " ind2=" ">
<subfield code="a">This paper presents an intelligent surveillance platform based on the usage of&#xd;
large numbers of inexpensive sensors designed and developed inside the European Eureka&#xd;
Celtic project HuSIMS. With the aim of maximizing the number of deployable units while&#xd;
keeping monetary and resource/bandwidth costs at a minimum, the surveillance platform is&#xd;
based on the usage of inexpensive visual sensors which apply efficient motion detection&#xd;
and tracking algorithms to transform the video signal in a set of motion parameters. In&#xd;
order to automate the analysis of the myriad of data streams generated by the visual&#xd;
sensors, the platform’s control center includes an alarm detection engine which comprises&#xd;
three components applying three different Artificial Intelligence strategies in parallel.&#xd;
These strategies are generic, domain-independent approaches which are able to operate in&#xd;
several domains (traffic surveillance, vandalism prevention, perimeter security, etc.). The&#xd;
architecture is completed with a versatile communication network which facilitates data&#xd;
collection from the visual sensors and alarm and video stream distribution towards the&#xd;
emergency teams. The resulting surveillance system is extremely suitable for its&#xd;
deployment in metropolitan areas, smart cities, and large facilities, mainly because cheap&#xd;
visual sensors and autonomous alarm detection facilitate dense sensor network deployments&#xd;
for wide and detailed covera</subfield>
</datafield>
<datafield tag="024" ind2=" " ind1="8">
<subfield code="a">Sensors, 2013, vol. 13, n. 6, p. 7414-7442</subfield>
</datafield>
<datafield tag="024" ind2=" " ind1="8">
<subfield code="a">1424-8220</subfield>
</datafield>
<datafield tag="024" ind2=" " ind1="8">
<subfield code="a">https://uvadoc.uva.es/handle/10324/57657</subfield>
</datafield>
<datafield tag="024" ind2=" " ind1="8">
<subfield code="a">10.3390/s130607414</subfield>
</datafield>
<datafield tag="024" ind2=" " ind1="8">
<subfield code="a">7414</subfield>
</datafield>
<datafield tag="024" ind2=" " ind1="8">
<subfield code="a">6</subfield>
</datafield>
<datafield tag="024" ind2=" " ind1="8">
<subfield code="a">7442</subfield>
</datafield>
<datafield tag="024" ind2=" " ind1="8">
<subfield code="a">Sensors</subfield>
</datafield>
<datafield tag="024" ind2=" " ind1="8">
<subfield code="a">13</subfield>
</datafield>
<datafield tag="024" ind2=" " ind1="8">
<subfield code="a">1424-8220</subfield>
</datafield>
<datafield tag="245" ind1="0" ind2="0">
<subfield code="a">An intelligent surveillance platform for large metropolitan areas with dense sensor deployment</subfield>
</datafield>
</record></metadata></record></GetRecord></OAI-PMH>